Space Objects - Statistics

General Stats
  • This quiz has been taken 64 times
  • The average score is 16 of 25
Answer Stats
Picture Hint Answer % Correct
(no hint) Earth
100%
(no hint) Jupiter
100%
Natural satellite Moon
100%
In our solar system Sun
100%
Dwarf planet Pluto
98%
(no hint) Neptune
96%
(no hint) Mars
86%
(no hint) Saturn
86%
Galaxy Milky Way
84%
(no hint) Uranus
76%
Hottest planet in the solar system Venus
71%
______'s Comet Halley's Comet
69%
Estimated to merge with the Milky Way in 4.5 eons Andromeda
61%
The brightest star in the night sky Sirius
59%
(no hint) Mercury
55%
The sun's closest neighbouring star Proxima Centauri
53%
Dwarf planet in the Asteroid Belt Ceres
51%
Martian natural satellite Phobos
49%
___ 618 Tonantzintla 618
41%
Largest/second largest dwarf planet Eris
39%
Dwarf planet Makemake
39%
__________ 2-18 Stephenson 2-18
31%
Egg-shaped dwarf planet Haumea
29%
Black hole Messier 87
25%
Exoplanet being destroyed by its star WASP-12b
18%
No matching quizzes found
Score Distribution
Percent of People with Each Score
Percentile by Number Answered
Your Score History
You have not taken this quiz